000 00589nam a22002175b 4500
003 OSt
005 20150320184902.0
008 930803s1994 sp | |||| ||spa
020 _a84-348-1337-8
040 _cBMC
082 _a808.068083
100 1 _aLobe, Mira
_930711
245 1 3 _aLa nariz de Moritz
_cMira Lobe ; [traducción, Manuel Olasagasti]
250 _a14ª ed
260 _aMadrid
_bSM
_cD.L. 1994
300 _a173 p.
_bil.
_c19 cm
490 _aEl Barco de vapor
_v28
650 2 4 _929811
_aCuentos infantiles
700 1 _aOlasagasti, Manuel
_930704
942 _2ddc
_cBK
999 _c17820
_d17820